Đánh giá môi trường chiến lược Phương pháp luận và thử nghiệm ở Việt Nam
Khái niệm về đánh giá môi trường chiến lược; tổng quan về tình hình áp dụng, đánh giá môi trường chiến lược trên thế giới và trong nước; khung pháp lý và định hướng đánh giá môi trường chiến lược ở Việt Nam; quy trình đánh giá môi trường chiến lược......
Đã lưu trong:
| Andre forfattere: | , , , , |
|---|---|
| Format: | Bog |
| Sprog: | Vietnamese |
| Udgivet: |
H.
Xây dựng
2010
|
| Fag: | |
| Tags: |
Tilføj Tag
Ingen Tags, Vær først til at tagge denne postø!
|
| Thư viện lưu trữ: | Mạng thư viện Đại học Đà Nẵng |
|---|
| LEADER | 01733aam a22003978a 4500 | ||
|---|---|---|---|
| 001 | 000018563 | ||
| 003 | 14995 | ||
| 005 | 20131125151100.0 | ||
| 008 | 131125s2010 viesd | ||
| 020 | |c 86000đ |d 300b | ||
| 041 | 0 | |a vie | |
| 082 | 1 | 4 | |2 14 |a 333.709597 |b Đan |
| 245 | 1 | 0 | |a Đánh giá môi trường chiến lược |b Phương pháp luận và thử nghiệm ở Việt Nam |c Phạm Ngọc Đăng (ch.b.), Nguyễn Việt Anh, Nguyễn Khắc Kinh... |
| 260 | |a H. |b Xây dựng |c 2010 | ||
| 300 | |a 335 tr. |b minh hoạ |c 24 cm. | ||
| 504 | |a Thư mục: tr. 326-330 | ||
| 520 | |a Khái niệm về đánh giá môi trường chiến lược; tổng quan về tình hình áp dụng, đánh giá môi trường chiến lược trên thế giới và trong nước; khung pháp lý và định hướng đánh giá môi trường chiến lược ở Việt Nam; quy trình đánh giá môi trường chiến lược... | ||
| 650 | 7 | |2 Bộ TK TVQG |a Môi trường |x Đánh giá | |
| 650 | 7 | |2 Bộ TK TVQG | |
| 651 | 7 | |2 Bộ TK TVQG |a Việt Nam | |
| 653 | |a Môi trường | ||
| 700 | 1 | |a Nguyễn Việt Anh | |
| 700 | 1 | |a Nguyễn Khắc Kinh | |
| 700 | 1 | |a Phạm Ngọc Đăng |e ch.b. | |
| 700 | 1 | |a Trần Đông Phong | |
| 700 | 1 | |a Trần Văn Ý | |
| OWN | |a LSP | ||
| AVA | |a UDN50 |b LSP |d 333.709597 Đan |e available |t Error 5001 Not defined in file expand_doc_bib_avail. |f 5 |g 0 |h N |i 0 |k 1 | ||
| 999 | |a From the UDN01 | ||
| AVA | |a UDN50 |b LSP |d 333.709597 Đan |e available |t Error 5001 Not defined in file expand_doc_bib_avail. |f 5 |g 0 |h N |i 0 |k 1 | ||
| TYP | |a Monograph | ||
| TYP | |a Printed language | ||
| 980 | |a Mạng thư viện Đại học Đà Nẵng | ||